[Event "Mittelfrank Regionalliga Sud-West 2223"]
[Site "Mittelfranken"]
[Date "2023.02.05"]
[Round "6.6"]
[White "Wagner, Lukas"]
[Black "Katzer, Joachim"]
[Result "1-0"]
[WhiteElo "1947"]
[BlackElo "1885"]
[PlyCount "81"]
[EventDate "2022.10.09"]
[EventType "team-tourn"]
[EventRounds "9"]
[EventCountry "GER"]
[SourceTitle "EXT 2024"]
[Source "ChessBase"]
[SourceDate "2023.10.10"]
[SourceVersion "1"]
[SourceVersionDate "2023.10.10"]
[SourceQuality "1"]
[WhiteTeam "Kempten"]
[BlackTeam "Sendling"]
[WhiteTeamCountry "GER"]
[BlackTeamCountry "GER"]

1. d4 d5 2. c4 e6 3. Nf3 c5 4. cxd5 exd5 5. g3 Nf6 6. Bg2 Be7 7. dxc5 Bxc5 8. 0-0 0-0 9. Nc3 Nc6 10. b3 a6 11. Bb2 Be6 12. e3 Qe7 13. Ne2 Rac8 14. Nfd4 Rfd8 15. Rc1 Ba3 16. Nxc6 bxc6 17. Qc2 Bxb2 18. Qxb2 a5 19. Nf4 Bf5 20. Rfd1 h6 21. h3 Re8 22. Nd3 Ne4 23. Qd4 Qd7 24. g4 Bg6 25. Nc5 Nxc5 26. Rxc5 Qd8 27. Rdc1 Be4 28. Rxc6 Rxc6 29. Rxc6 Bxg2 30. Kxg2 Re4 31. Qd3 h5 32. f3 Re5 33. Qc3 Qe7 34. Rc8+ Kh7 35. Qc2+ g6 36. Qc3 hxg4 37. hxg4 g5 38. Rc7 Qe6 39. Rxf7+ Kg8 40. Ra7 Rxe3 41. Qg7# 1-0

[Event "GER-chT Betriebe 17th"]
[Site "Berlin"]
[Date "2017.11.04"]
[Round "6.4"]
[White "Katzer, Joachim"]
[Black "Rollwitz, Juergen"]
[Result "1/2-1/2"]
[WhiteElo "1904"]
[BlackElo "1936"]
[PlyCount "46"]
[EventDate "2017.11.02"]
[EventType "team-swiss"]
[EventRounds "7"]
[EventCountry "GER"]
[SourceTitle "EXT 2020"]
[Source "ChessBase"]
[SourceDate "2019.10.17"]
[SourceVersion "1"]
[SourceVersionDate "2019.10.17"]
[SourceQuality "1"]
[WhiteTeam "Muenchen ADAC"]
[BlackTeam "Berlin Deutsche Bahn/BSW II"]
[WhiteTeamCountry "GER"]
[BlackTeamCountry "GER"]

1. e4 d6 2. d4 Nf6 3. Nc3 e5 4. f4 exd4 5. Qxd4 a6 6. Nf3 Be7 7. b3 0-0 8. Bb2 Nc6 9. Qd2 b5 10. Bd3 Nb4 11. Nd5 Nfxd5 12. exd5 Nxd3+ 13. Qxd3 Bf6 14. 0-0-0 Bg4 15. h3 Bxf3 16. Qxf3 Bxb2+ 17. Kxb2 Qf6+ 18. Kb1 Rfe8 19. Rhe1 h6 20. Re4 Re7 21. Rde1 Rae8 22. Rxe7 Rxe7 23. Rxe7 Qxe7 1/2-1/2

[Event "Regionalliga SW 1314"]
[Site "Bayern"]
[Date "2014.04.06"]
[Round "9.6"]
[White "Wallner, Johann Jr"]
[Black "Katzer, Joachim"]
[Result "1/2-1/2"]
[WhiteElo "1845"]
[BlackElo "1935"]
[PlyCount "47"]
[EventDate "2013.10.13"]
[EventType "team-tourn"]
[EventRounds "9"]
[EventCountry "GER"]
[SourceTitle "EXT 2015"]
[Source "ChessBase"]
[SourceDate "2014.11.20"]
[SourceVersion "1"]
[SourceVersionDate "2014.11.20"]
[SourceQuality "1"]
[WhiteTeam "Dachau"]
[BlackTeam "Sendling"]
[WhiteTeamCountry "GER"]
[BlackTeamCountry "GER"]

1. e4 c5 2. Nc3 d6 3. f4 Nc6 4. Bb5 Bd7 5. Bxc6 Bxc6 6. Qe2 e6 7. Nf3 Nf6 8. d3 Be7 9. Bd2 b5 10. e5 b4 11. Ne4 Nxe4 12. dxe4 d5 13. exd5 Bxd5 14. c4 Bb7 15. Rd1 Qc7 16. 0-0 0-0 17. Qf2 Rad8 18. Be3 Rxd1 19. Rxd1 Rd8 20. Rxd8+ Qxd8 21. Nd2 Qd3 22. b3 h6 23. Nf1 Qe4 24. Nd2 1/2-1/2

[Event "Regionalliga SW 1314"]
[Site "Bayern"]
[Date "2014.03.16"]
[Round "8.6"]
[White "Katzer, Joachim"]
[Black "Loos, Stephan"]
[Result "0-1"]
[WhiteElo "1935"]
[BlackElo "2005"]
[PlyCount "93"]
[EventDate "2013.10.13"]
[EventType "team-tourn"]
[EventRounds "9"]
[EventCountry "GER"]
[SourceTitle "EXT 2015"]
[Source "ChessBase"]
[SourceDate "2014.11.20"]
[SourceVersion "1"]
[SourceVersionDate "2014.11.20"]
[SourceQuality "1"]
[WhiteTeam "Sendling"]
[BlackTeam "Bayern Muenchen III"]
[WhiteTeamCountry "GER"]
[BlackTeamCountry "GER"]

1. e4 g6 2. d4 Bg7 3. Nc3 c6 4. Be3 d5 5. f3 Nf6 6. Qd2 Be6 7. e5 Nfd7 8. Nge2 Na6 9. Nf4 Nc7 10. 0-0-0 Nb6 11. h4 h5 12. g3 Nc4 13. Bxc4 dxc4 14. Nxe6 Nxe6 15. Qe2 b5 16. d5 cxd5 17. Rxd5 Qc7 18. Nxb5 Qc6 19. Rhd1 0-0 20. Nc3 Rfb8 21. Qd2 Rb7 22. Rd7 Bxe5 23. Rxb7 Qxb7 24. f4 Bf6 25. Qd5 Rb8 26. Qxb7 Rxb7 27. Na4 Kf8 28. c3 Ke8 29. Nc5 Nxc5 30. Bxc5 e6 31. Kc2 a5 32. Bd4 Be7 33. Be5 Rd7 34. Re1 Rd3 35. Re4 Rxg3 36. Rxc4 Bxh4 37. f5 Rg2+ 38. Kb3 Be7 39. f6 Bd8 40. Bc7 Bxf6 41. Rf4 Bg5 42. Rf3 Bc1 43. c4 Rxb2+ 44. Kc3 Rxa2 45. Kd4 g5 46. c5 Ra4+ 47. Ke5 0-1

[Event "Regionalliga SW 1314"]
[Site "Bayern"]
[Date "2013.11.24"]
[Round "3.6"]
[White "Markl, Martin"]
[Black "Katzer, Joachim"]
[Result "1/2-1/2"]
[WhiteElo "2021"]
[BlackElo "1935"]
[PlyCount "160"]
[EventDate "2013.10.13"]
[EventType "team-tourn"]
[EventRounds "9"]
[EventCountry "GER"]
[SourceTitle "EXT 2015"]
[Source "ChessBase"]
[SourceDate "2014.11.20"]
[SourceVersion "1"]
[SourceVersionDate "2014.11.20"]
[SourceQuality "1"]
[WhiteTeam "Muenchen Siemens"]
[BlackTeam "Sendling"]
[WhiteTeamCountry "GER"]
[BlackTeamCountry "GER"]

1. d4 d5 2. c4 e6 3. Nf3 c5 4. cxd5 exd5 5. Nc3 Nc6 6. Bg5 Be7 7. Bxe7 Ngxe7 8. e3 c4 9. Be2 Bf5 10. Nh4 Be6 11. 0-0 Ng6 12. Nf3 0-0 13. b3 Qa5 14. Na4 b5 15. Nc5 a6 16. Nxe6 fxe6 17. Ng5 Rfe8 18. Bh5 Qd8 19. Qg4 Qf6 20. f4 Nce7 21. Nxe6 Nf5 22. Nc7 Nxe3 23. Nxe8 Rxe8 24. Qd7 Rd8 25. Qa7 Nxf1 26. Rxf1 Nf8 27. Bf3 Ne6 28. bxc4 bxc4 29. Qxa6 Nxd4 30. Bxd5+ Rxd5 31. Qxc4 Qc6 32. Qxc6 Nxc6 33. Rc1 Nd4 34. Kf2 Ne6 35. Ke3 Ra5 36. Rc2 g6 37. g3 Kf7 38. Kd3 Kf6 39. Re2 Ra3+ 40. Kc4 Ra4+ 41. Kd5 Rd4+ 42. Kc6 Rd3 43. Rb2 Ra3 44. Kb5 Ra8 45. Rd2 Rb8+ 46. Kc4 Rc8+ 47. Kb4 Rb8+ 48. Kc4 Rb1 49. Kc3 h5 50. a3 Nc5 51. Rd6+ Kf7 52. Kc4 Ne4 53. Rd4 Rc1+ 54. Kb4 Nf6 55. a4 Rb1+ 56. Kc5 Ra1 57. Kb5 Rb1+ 58. Kc6 Rc1+ 59. Kb5 Rb1+ 60. Kc5 Ra1 61. Rb4 Ke6 62. Kb5 Nd5 63. Rb3 Kd6 64. Rd3 Rb1+ 65. Ka6 Kc6 66. Rd2 Nb4+ 67. Ka7 Ra1 68. f5 Rxa4+ 69. Kb8 gxf5 70. Re2 Kb6 71. Kc8 Kc6 72. Re6+ Kd5 73. Rh6 Nc6 74. Rxh5 Ra8+ 75. Kd7 Ra7+ 76. Ke8 Ke4 77. Rh4+ Ke5 78. Rh5 Ke4 79. Rh4+ Ke5 80. Rh5 Ke4 1/2-1/2

[Event "Regionalliga SW 1314"]
[Site "Bayern"]
[Date "2013.10.13"]
[Round "1.5"]
[White "Schrader, Jan Erik"]
[Black "Katzer, Joachim"]
[Result "1-0"]
[WhiteElo "2074"]
[BlackElo "1935"]
[PlyCount "51"]
[EventDate "2013.10.13"]
[EventType "team-tourn"]
[EventRounds "9"]
[EventCountry "GER"]
[SourceTitle "EXT 2015"]
[Source "ChessBase"]
[SourceDate "2014.11.20"]
[SourceVersion "1"]
[SourceVersionDate "2014.11.20"]
[SourceQuality "1"]
[WhiteTeam "Muenchen 36"]
[BlackTeam "Sendling"]
[WhiteTeamCountry "GER"]
[BlackTeamCountry "GER"]

1. e4 c5 2. Nc3 d6 3. g3 g6 4. Bg2 Bg7 5. d3 Nc6 6. f4 e6 7. Nf3 Nge7 8. 0-0 0-0 9. Ne2 Nd4 10. Rb1 a5 11. c3 Nxe2+ 12. Qxe2 Nc6 13. Be3 b6 14. g4 Ra7 15. Rbe1 f5 16. gxf5 exf5 17. Ng5 fxe4 18. dxe4 Ba6 19. Qd2 Bxf1 20. Qd5+ Kh8 21. Bxf1 Ne5 22. fxe5 Bxe5 23. Bg2 h6 24. Nf3 Bf4 25. Bxf4 Rxf4 26. e5 1-0

[Event "Regionalliga SW 1213"]
[Site "Bayern"]
[Date "2013.04.14"]
[Round "9.4"]
[White "Katzameyer, Michael"]
[Black "Katzer, Joachim"]
[Result "1/2-1/2"]
[WhiteElo "1942"]
[BlackElo "1963"]
[PlyCount "50"]
[EventDate "2012.10.14"]
[EventType "team-tourn"]
[EventRounds "9"]
[EventCountry "GER"]
[SourceTitle "EXT 2015"]
[Source "ChessBase"]
[SourceDate "2014.11.20"]
[SourceVersion "1"]
[SourceVersionDate "2014.11.20"]
[SourceQuality "1"]
[WhiteTeam "Muenchen RTA"]
[BlackTeam "Sendling"]
[WhiteTeamCountry "GER"]
[BlackTeamCountry "GER"]

1. c4 e6 2. d4 d5 3. Nf3 c5 4. cxd5 exd5 5. g3 Nf6 6. Bg2 Nc6 7. 0-0 Be7 8. dxc5 Bxc5 9. Bg5 0-0 10. Nc3 d4 11. Bxf6 Qxf6 12. Nd5 Qd8 13. Nd2 Re8 14. Rc1 Bb6 15. Nc4 Bf5 16. a3 Be4 17. Bxe4 Rxe4 18. Ndxb6 axb6 19. Nd2 Re6 20. Nf3 Qd5 21. Qd3 Rae8 22. Rc2 h6 23. Rd1 Re4 24. Rcd2 Qe6 25. Re1 Qd5 1/2-1/2

[Event "Regionalliga SW 1213"]
[Site "Bayern"]
[Date "2012.11.11"]
[Round "2.4"]
[White "Katzer, Joachim"]
[Black "Reimann, Robert"]
[Result "1-0"]
[WhiteElo "1963"]
[BlackElo "2082"]
[PlyCount "117"]
[EventDate "2012.10.14"]
[EventType "team-tourn"]
[EventRounds "9"]
[EventCountry "GER"]
[SourceTitle "EXT 2015"]
[Source "ChessBase"]
[SourceDate "2014.11.20"]
[SourceVersion "1"]
[SourceVersionDate "2014.11.20"]
[SourceQuality "1"]
[WhiteTeam "Sendling"]
[BlackTeam "Goeggingen"]
[WhiteTeamCountry "GER"]
[BlackTeamCountry "GER"]

1. e4 e5 2. Nf3 Nc6 3. Bb5 Nf6 4. 0-0 Bc5 5. c3 0-0 6. d4 Bb6 7. Bg5 h6 8. Bh4 exd4 9. Nxd4 g5 10. Bg3 Nxe4 11. Nxc6 dxc6 12. Bd3 Nxg3 13. hxg3 Qd6 14. Na3 Qxg3 15. Nc4 Qg4 16. Qc2 Be6 17. Ne5 Qf4 18. Rfe1 Rae8 19. Re4 Qf6 20. Rae1 h5 21. R4e2 Kg7 22. c4 Bd4 23. Nf3 c5 24. Nxd4 cxd4 25. Re5 Bd7 26. Rxe8 Rxe8 27. Rxe8 Bxe8 28. Qe2 Bd7 29. Qe4 b6 30. Qh7+ Kf8 31. Qxh5 Bf5 32. Qf3 g4 33. Qxf5 Qe7 34. Qe4 Qg5 35. g3 c5 36. Qa8+ Kg7 37. Qe4 Kf8 38. b3 a5 39. Qa8+ Kg7 40. Qe4 Kf8 41. Qf5 Qe7 42. Qxg4 Qe1+ 43. Kg2 Qd2 44. Qe2 Qc1 45. a4 Qc3 46. Qc2 Qe1 47. Be4 Kg7 48. Qd3 Kf8 49. Qf3 Kg7 50. g4 Kf8 51. g5 Kg8 52. Qf5 Qe2 53. g6 f6 54. Qe6+ Kg7 55. Qf7+ Kh6 56. Qh7+ Kg5 57. Bf3 Qc2 58. Qh5+ Kf4 59. g7 1-0

[Event "Landesliga Sued 1112"]
[Site "Bayern"]
[Date "2012.02.26"]
[Round "7.5"]
[White "Katzer, Joachim"]
[Black "Schmaus, Horst"]
[Result "0-1"]
[WhiteElo "1945"]
[BlackElo "1994"]
[PlyCount "77"]
[EventDate "2011.10.02"]
[EventType "team-tourn"]
[EventRounds "9"]
[EventCountry "GER"]
[SourceTitle "EXT 2015"]
[Source "ChessBase"]
[SourceDate "2014.11.20"]
[SourceVersion "1"]
[SourceVersionDate "2014.11.20"]
[SourceQuality "1"]
[WhiteTeam "Sendling"]
[BlackTeam "Landshut"]
[WhiteTeamCountry "GER"]
[BlackTeamCountry "GER"]

1. e4 c5 2. Nf3 e6 3. d3 Nc6 4. g3 g6 5. Bg5 Qb6 6. Nbd2 d6 7. Nc4 Qc7 8. a4 h6 9. Bf4 e5 10. Bd2 Bg7 11. Bg2 Nf6 12. 0-0 0-0 13. c3 Be6 14. Ne3 d5 15. exd5 Nxd5 16. Qc2 Rfd8 17. Rad1 Rd7 18. Rfe1 Rad8 19. Nxd5 Bxd5 20. Be3 Na5 21. c4 Be6 22. Bf1 b6 23. Bd2 Nc6 24. Qc1 Kh7 25. Bc3 Bg4 26. Be2 Bxf3 27. Bxf3 Rxd3 28. Rxd3 Rxd3 29. Be4 Rd7 30. h4 h5 31. Qg5 Kg8 32. Bd5 Nd4 33. Bxd4 cxd4 34. b3 Qd6 35. f4 Qb4 36. Rd1 Qxb3 37. Rd2 Qe3+ 38. Rf2 exf4 39. Qxf4 0-1

[Event "Landesliga Sued 1011"]
[Site "Bayern"]
[Date "2010.10.24"]
[Round "2.8"]
[White "Katzer, Joachim"]
[Black "Koch, Enrico"]
[Result "0-1"]
[WhiteElo "1936"]
[BlackElo "1951"]
[PlyCount "138"]
[EventDate "2010.10.10"]
[EventType "team-tourn"]
[EventRounds "9"]
[EventCountry "GER"]
[SourceTitle "EXT 2012"]
[Source "ChessBase"]
[SourceDate "2011.11.24"]
[SourceVersion "1"]
[SourceVersionDate "2011.11.24"]
[SourceQuality "1"]
[WhiteTeam "Sendling"]
[BlackTeam "Muenchen Tarrasch II"]
[WhiteTeamCountry "GER"]
[BlackTeamCountry "GER"]

1. e4 c5 2. Nf3 e6 3. d3 Nc6 4. g3 d5 5. Nbd2 Bd6 6. Bg2 Nge7 7. 0-0 0-0 8. c3 d4 9. a4 e5 10. Nc4 f6 11. Ne1 Be6 12. f4 Bxc4 13. dxc4 exf4 14. gxf4 Ng6 15. Qh5 Na5 16. Ra3 Ne7 17. cxd4 g6 18. Qh6 cxd4 19. Rh3 Rf7 20. b3 Qb6 21. Nd3 Nxb3 22. f5 Nxc1 23. Qxc1 Qc7 24. e5 Bxe5 25. fxg6 Rg7 26. Nxe5 Qxe5 27. Rxh7 Rxg6 28. Rh6 Kg7 29. Rxg6+ Nxg6 30. Qb1 Rb8 31. Qf5 Qxf5 32. Rxf5 Ne5 33. Rf4 Rd8 34. Bd5 d3 35. Kf2 d2 36. Ke2 Nxc4 37. Rxc4 Rxd5 38. Kd1 Rd7 39. Rc5 Kg6 40. Ra5 b6 41. Rb5 f5 42. Rb4 Kf6 43. Rh4 Ke5 44. Rh8 Ke4 45. h4 f4 46. Re8+ Kf3 47. h5 Rh7 48. Re5 Kg4 49. Kxd2 Rxh5 50. Re7 Kf3 51. Rxa7 Rg5 52. Rf7 Rg4 53. Ke1 Kg3 54. Ke2 Rg5 55. Rf6 Re5+ 56. Kf1 Rc5 57. Rxb6 Rc1+ 58. Ke2 f3+ 59. Kd2 f2 60. Rg6+ Kh4 61. Kxc1 f1Q+ 62. Kd2 Qf4+ 63. Kc3 Qe3+ 64. Kb4 Qe4+ 65. Kb5 Qxg6 66. a5 Kg5 67. a6 Kf5 68. a7 Qe8+ 69. Kb6 Qa8 0-1

[Event "Landesliga Sued 0910"]
[Site "Bayern"]
[Date "2010.04.11"]
[Round "9.5"]
[White "Bensch, Patrick"]
[Black "Katzer, Joachim"]
[Result "1-0"]
[WhiteElo "2174"]
[BlackElo "1958"]
[PlyCount "101"]
[EventDate "2009.10.18"]
[EventType "team-tourn"]
[EventRounds "9"]
[EventCountry "GER"]
[SourceTitle "EXT 2011"]
[Source "ChessBase"]
[SourceDate "2010.11.26"]
[SourceVersion "1"]
[SourceVersionDate "2010.11.26"]
[SourceQuality "1"]
[WhiteTeam "Rottal"]
[BlackTeam "Sendling"]
[WhiteTeamCountry "GER"]
[BlackTeamCountry "GER"]

1. e4 c5 2. Nf3 d6 3. d4 cxd4 4. Nxd4 Nf6 5. Nc3 a6 6. Bc4 e6 7. Bb3 Be7 8. Be3 b5 9. Qf3 Bb7 10. Bxe6 fxe6 11. Nxe6 Qa5 12. 0-0 Kf7 13. Ng5+ Ke8 14. Nd5 Bxd5 15. exd5 Nbd7 16. Bd4 b4 17. Ne6 Kf7 18. Ng5+ Kg8 19. Rfe1 Re8 20. Ne6 h5 21. c4 bxc3 22. Bxc3 Qxd5 23. Qxd5 Nxd5 24. Nxg7 Kf7 25. Nxe8 Rxe8 26. Bd4 Bf6 27. Rxe8 Kxe8 28. Rd1 Kf7 29. f3 Ke6 30. Kf2 Bxd4+ 31. Rxd4 Nc5 32. g4 hxg4 33. fxg4 Ke5 34. Rd1 Nf6 35. Kf3 d5 36. g5 Nfe4 37. h4 Ne6 38. g6 Nf6 39. Rg1 Ng7 40. Rg5+ Ke6 41. b4 Kd6 42. a4 Kc6 43. Rg1 Kd6 44. b5 axb5 45. axb5 d4 46. b6 Kc6 47. Rb1 Kb7 48. Rb5 Nd7 49. h5 Kc6 50. h6 Kxb5 51. hxg7 1-0

[Event "Landesliga Sued 0910"]
[Site "Bayern"]
[Date "2010.03.21"]
[Round "8.6"]
[White "Billenkamp, Thomas"]
[Black "Katzer, Joachim"]
[Result "1/2-1/2"]
[WhiteElo "2001"]
[BlackElo "1958"]
[PlyCount "59"]
[EventDate "2009.10.18"]
[EventType "team-tourn"]
[EventRounds "9"]
[EventCountry "GER"]
[SourceTitle "EXT 2011"]
[Source "ChessBase"]
[SourceDate "2010.11.26"]
[SourceVersion "1"]
[SourceVersionDate "2010.11.26"]
[SourceQuality "1"]
[WhiteTeam "Tegernsee"]
[BlackTeam "Sendling"]
[WhiteTeamCountry "GER"]
[BlackTeamCountry "GER"]

1. Nf3 d5 2. g3 c5 3. Bg2 Nc6 4. d4 e6 5. 0-0 Nf6 6. c4 Be7 7. cxd5 exd5 8. Nc3 Be6 9. Bg5 Ne4 10. Bxe7 Qxe7 11. Rc1 Nxc3 12. Rxc3 c4 13. b3 Qb4 14. Qc1 0-0 15. bxc4 dxc4 16. e4 Na5 17. d5 Bd7 18. Nd4 b5 19. e5 Qc5 20. Rd1 b4 21. Re3 Ba4 22. Rd2 c3 23. Rdd3 Nc4 24. Re4 Nd2 25. Rg4 Rac8 26. h3 Bb5 27. Nxb5 Qxb5 28. Rxd2 cxd2 29. Qxd2 a5 30. Rxg7+ 1/2-1/2

[Event "Landesliga Sued 0809"]
[Site "Bayern"]
[Date "2008.11.30"]
[Round "3.7"]
[White "Katzer, Joachim"]
[Black "Giss, Arthur"]
[Result "0-1"]
[WhiteElo "1961"]
[BlackElo "1975"]
[PlyCount "100"]
[EventDate "2008.10.05"]
[EventType "team-tourn"]
[EventRounds "9"]
[EventCountry "GER"]
[SourceTitle "EXT 2020"]
[Source "ChessBase"]
[SourceDate "2019.10.17"]
[SourceVersion "1"]
[SourceVersionDate "2019.10.17"]
[SourceQuality "1"]
[WhiteTeam "Sendling"]
[BlackTeam "Dillingen"]
[WhiteTeamCountry "GER"]
[BlackTeamCountry "GER"]

1. d4 Nf6 2. c4 e6 3. Nc3 Bb4 4. e3 0-0 5. Bd3 c5 6. a3 Bxc3+ 7. bxc3 Nc6 8. Ne2 e5 9. d5 Na5 10. e4 b6 11. f4 Ba6 12. 0-0 Qc7 13. Ng3 exf4 14. Nf5 Qe5 15. Bxf4 Qxc3 16. e5 Nxd5 17. Qg4 g6 18. cxd5 Bxd3 19. Nh6+ Kh8 20. Qg5 f6 21. exf6 Nc4 22. Rfc1 Qxf6 23. Qxf6+ Rxf6 24. Rxc4 Bxc4 25. Be5 Kg7 26. Ng4 Raf8 27. Rc1 Bd3 28. Re1 h5 29. Nxf6 Rxf6 30. Re3 Bf5 31. d6 Kf7 32. Bxf6 Kxf6 33. Kf2 c4 34. Ke2 b5 35. Kd2 a5 36. Kc3 Bd3 37. Re7 Bf5 38. Kd4 Be6 39. Re8 b4 40. axb4 axb4 41. Rb8 c3 42. Kd3 Bf5+ 43. Ke2 c2 44. Kd2 Ke6 45. Rxb4 Kxd6 46. h3 Ke5 47. g4 hxg4 48. hxg4 Be4 49. Rb6 d5 50. g5 Kf5 0-1

[Event "Landesliga Sued 0809"]
[Site "Bayern"]
[Date "2008.10.26"]
[Round "2.7"]
[White "Siemens, Andreas"]
[Black "Katzer, Joachim"]
[Result "1/2-1/2"]
[WhiteElo "1938"]
[BlackElo "1961"]
[PlyCount "48"]
[EventDate "2008.10.05"]
[EventType "team-tourn"]
[EventRounds "9"]
[EventCountry "GER"]
[SourceTitle "EXT 2020"]
[Source "ChessBase"]
[SourceDate "2019.10.17"]
[SourceVersion "1"]
[SourceVersionDate "2019.10.17"]
[SourceQuality "1"]
[WhiteTeam "Rottal"]
[BlackTeam "Sendling"]
[WhiteTeamCountry "GER"]
[BlackTeamCountry "GER"]

1. Nf3 d5 2. c4 e6 3. b3 Nf6 4. Bb2 Be7 5. g3 0-0 6. Bg2 c5 7. 0-0 d4 8. b4 Nbd7 9. bxc5 e5 10. e3 dxe3 11. fxe3 e4 12. Ng5 Nxc5 13. Nc3 Bg4 14. Qc2 Qd3 15. Rac1 Rad8 16. Rf2 Qxc2 17. Rxc2 Nd3 18. Ngxe4 Nxf2 19. Kxf2 Nxe4+ 20. Bxe4 Be6 21. Nd5 Bxd5 22. Bxd5 b6 23. a4 Rc8 24. d4 Rfd8 1/2-1/2

[Event "Regionalliga SW 0506"]
[Site "Bayern"]
[Date "2006.02.19"]
[Round "7.8"]
[White "Endisch, Peter"]
[Black "Katzer, Joachim"]
[Result "1/2-1/2"]
[WhiteElo "1919"]
[BlackElo "2017"]
[PlyCount "135"]
[EventDate "2005.10.23"]
[EventType "team-tourn"]
[EventRounds "9"]
[EventCountry "GER"]
[SourceTitle "EXT 2007"]
[Source "ChessBase"]
[SourceDate "2006.11.23"]
[SourceVersion "1"]
[SourceVersionDate "2006.11.23"]
[SourceQuality "1"]

1. e4 d5 2. exd5 Qxd5 3. Nc3 Qa5 4. d4 c6 5. Bc4 Bf5 6. Nge2 e6 7. Ng3 Bg6 8. 0-0 Nd7 9. Qe2 Ngf6 10. Bb3 Qc7 11. d5 cxd5 12. Nxd5 Nxd5 13. Bxd5 Bd6 14. Be4 Bxe4 15. Qxe4 0-0 16. Rd1 Nf6 17. Qe2 Rac8 18. Nf1 Rfd8 19. c3 h6 20. Be3 Nd5 21. g3 a6 22. Qg4 Nxe3 23. Nxe3 Be7 24. Rxd8+ Rxd8 25. Rd1 Rxd1+ 26. Qxd1 Qc6 27. Qd3 b5 28. c4 g6 29. b3 h5 30. Qd4 Bc5 31. Qd8+ Kg7 32. cxb5 axb5 33. Qd3 Qb6 34. a4 bxa4 35. bxa4 Qa5 36. Qd1 Qc3 37. Nf1 e5 38. Qd2 Qf3 39. Qc2 Bd4 40. Qa2 h4 41. gxh4 f5 42. Ng3 f4 43. Qe2 Qb3 44. Ne4 f3 45. Qe1 Qxa4 46. Ng3 Qc2 47. h3 Qc8 48. Qe4 Qxh3 49. Qxf3 Qxh4 50. Kg2 Qg5 51. Qb7+ Kh6 52. Qa8 Kg7 53. Qb7+ Kh6 54. Qa8 Qf6 55. Qf3 Qxf3+ 56. Kxf3 Kg5 57. Ne4+ Kf5 58. Ng3+ Ke6 59. Ne4 Bb2 60. Ng5+ Kf5 61. Ne4 Bc1 62. Ng3+ Ke6 63. Ne2 Bd2 64. Ng3 Kd5 65. Ne4 Bc1 66. Nc3+ Ke6 67. Ke4 Bb2 68. Ne2 1/2-1/2

[Event "Regionalliga SW 0405"]
[Site "Bayern"]
[Date "2004.11.28"]
[Round "3.7"]
[White "Katzer, Joachim"]
[Black "Niebergall, Gerhard"]
[Result "1-0"]
[WhiteElo "2044"]
[BlackElo "1999"]
[PlyCount "65"]
[EventDate "2004.10.24"]
[EventType "team-tourn"]
[EventRounds "9"]
[EventCountry "GER"]
[SourceTitle "EXT 2007"]
[Source "ChessBase"]
[SourceDate "2006.11.23"]
[SourceVersion "1"]
[SourceVersionDate "2006.11.23"]
[SourceQuality "1"]
[WhiteTeam "Sendling SC"]
[BlackTeam "Bayern Muenchen III"]
[WhiteTeamCountry "GER"]
[BlackTeamCountry "GER"]

1. d4 Nf6 2. c4 g6 3. Nc3 d5 4. Nf3 Bg7 5. e3 0-0 6. Be2 dxc4 7. Bxc4 c5 8. h3 Nc6 9. 0-0 Bf5 10. dxc5 Qa5 11. Qe2 Qxc5 12. e4 Bc8 13. Be3 Qh5 14. Bf4 e5 15. Be3 Be6 16. Bxe6 fxe6 17. Qc4 Rae8 18. Ne2 Nd4 19. Nexd4 exd4 20. Bxd4 b5 21. Qe2 a6 22. Rac1 Rc8 23. Rc2 g5 24. Bxf6 Rxc2 25. Qxc2 Rxf6 26. Qc8+ Bf8 27. Ne5 g4 28. Nxg4 Rg6 29. e5 Qg5 30. Rd1 h5 31. Rd8 hxg4 32. Rxf8+ Kg7 33. Rg8+ 1-0

[Event "Landesliga Sued 0203"]
[Site "Bayern"]
[Date "2002.11.17"]
[Round "2.7"]
[White "Katzer, Joachim"]
[Black "Schulze, Hubertus"]
[Result "1-0"]
[WhiteElo "2037"]
[BlackElo "2092"]
[PlyCount "49"]
[EventDate "2002.10.20"]
[EventType "team-tourn"]
[EventRounds "9"]
[EventCountry "GER"]
[SourceTitle "EXT 2004"]
[Source "ChessBase"]
[SourceDate "2003.11.25"]
[SourceVersion "1"]
[SourceVersionDate "2003.11.25"]
[SourceQuality "1"]
[WhiteTeam "Muenchen Sendling"]
[BlackTeam "Muenchen Tarrasch"]
[WhiteTeamCountry "GER"]
[BlackTeamCountry "GER"]

1. d4 f5 2. Nf3 Nf6 3. c3 e6 4. Bg5 Be7 5. Nbd2 b6 6. Qc2 Bb7 7. Bxf6 Bxf6 8. e4 g6 9. 0-0-0 Nc6 10. d5 exd5 11. exf5 Ne7 12. fxg6 hxg6 13. Bd3 Kf7 14. Rde1 d6 15. Qa4 d4 16. Nxd4 Rh4 17. Qb3+ d5 18. N2f3 Rg4 19. Qd1 Qd7 20. Ne5+ Bxe5 21. Rxe5 c5 22. Rhe1 Re8 23. Ne6 Ra4 24. Qf3+ Kg8 25. Qf6 1-0

[Event "Oberliga Bayern 0102"]
[Site "Bayern"]
[Date "2001.11.25"]
[Round "3.8"]
[White "Daeubler, Heinrich"]
[Black "Katzer, Joachim"]
[Result "1-0"]
[WhiteElo "2060"]
[BlackElo "2010"]
[PlyCount "51"]
[EventDate "2001.10.07"]
[EventType "team"]
[EventRounds "9"]
[EventCountry "GER"]
[SourceTitle "EXT 2003"]
[Source "ChessBase"]
[SourceDate "2002.11.25"]
[SourceVersion "1"]
[SourceVersionDate "2002.11.25"]
[SourceQuality "1"]
[WhiteTeam "Haunstetten"]
[BlackTeam "Muenchen Sendling"]
[WhiteTeamCountry "GER"]
[BlackTeamCountry "GER"]

1. d4 d5 2. c4 e6 3. Nc3 c5 4. cxd5 exd5 5. dxc5 d4 6. Qa4+ Bd7 7. Qxd4 Nc6 8. Qe4+ Be6 9. Be3 Nf6 10. Qa4 Ng4 11. Rd1 Qf6 12. Bd4 Qh6 13. Nf3 Be7 14. e3 0-0 15. Be2 f5 16. 0-0 f4 17. h3 Nf6 18. Bc4 Bxc4 19. Qxc4+ Kh8 20. b4 Rae8 21. b5 Nd8 22. e4 Nf7 23. e5 Nh5 24. Ne4 Nd8 25. Nd6 Bxd6 26. exd6 1-0

[Event "Landesliga Sued 9900"]
[Site "Bayern"]
[Date "2000.02.20"]
[Round "6.8"]
[White "Katzer, Joachim"]
[Black "Kaftan, Thorsten"]
[Result "1/2-1/2"]
[WhiteElo "1930"]
[BlackElo "1955"]
[PlyCount "88"]
[EventDate "1999.10.10"]
[EventType "team-tourn"]
[EventRounds "9"]
[EventCountry "GER"]
[SourceTitle "EXT 2020"]
[Source "ChessBase"]
[SourceDate "2019.10.17"]
[SourceVersion "1"]
[SourceVersionDate "2019.10.17"]
[SourceQuality "1"]
[WhiteTeam "Sendling SC"]
[BlackTeam "Groebenzell"]
[WhiteTeamCountry "GER"]
[BlackTeamCountry "GER"]

1. d4 d5 2. c4 Nc6 3. cxd5 Qxd5 4. Nf3 e5 5. Nc3 Bb4 6. dxe5 Bxc3+ 7. bxc3 Qa5 8. g3 Nxe5 9. Nxe5 Qxc3+ 10. Bd2 Qxe5 11. Bg2 Ne7 12. 0-0 0-0 13. Bf4 Qa5 14. Qc2 c6 15. Bd6 Re8 16. Rfd1 Be6 17. Rab1 Qa6 18. a4 Nc8 19. Ba3 Nb6 20. Rb4 Rad8 21. Rbd4 Rxd4 22. Rxd4 Qa5 23. Qd1 Nd5 24. e4 Nf6 25. Bb4 Qb6 26. Bc3 Bg4 27. a5 Qc7 28. Qd2 h6 29. f3 Bh5 30. Rd6 Re6 31. Rd8+ Kh7 32. Bh3 Re7 33. Rd6 Ne8 34. Rd8 b6 35. Qd4 c5 36. Qd5 Bg6 37. Qa8 f6 38. Bf5 Bxf5 39. exf5 b5 40. Rxe8 Rxe8 41. Qxe8 b4 42. Qg6+ Kh8 43. Bxf6 gxf6 44. Qxf6+ Kg8 1/2-1/2